| 000 | 01294cam a22003737a 4500 | ||
|---|---|---|---|
| 001 | 000014088 | ||
| 003 | CHAP | ||
| 005 | 20220329133938.0 | ||
| 008 | 971013s1948 r 00010 d | ||
| 010 | _a13050 | ||
| 011 | _a14022 | ||
| 035 | _a18095 | ||
| 040 | _cCHAP | ||
| 082 | 0 | 4 |
_a636.0894 _bG6 |
| 100 | 0 | 0 |
_aGómez, Marte R. _949964 |
| 245 | 1 | 3 | _aLa verdad sobre los cebús; conjeturas sobre la aftosa. |
| 260 |
_aMéxico, D.F. : _bEl autor, _c1948. |
||
| 300 | _a209 p. | ||
| 590 |
_aBATCH-UPD _b10 _c20130110 _lUCH01 _h1759 |
||
| 590 |
_aBATCH-UPD _b10 _c20130410 _lUCH01 _h1136 |
||
| 590 |
_aBATCH-UPD _b10 _c20130914 _lUCH01 _h1406 |
||
| 590 |
_aCONVERSION _b10 _c20130109 _lUCH01 _h1308 |
||
| 590 |
_aE5995AHE _b05 _c20150326 _lUCH01 _h1343 |
||
| 650 | 1 | 4 |
_aFiebre aftosa. _940737 |
| 901 | _aBK | ||
| 942 | _cLIBRO | ||
| 942 | _n0 | ||
| 949 |
_a636.0894 G6 _bBC _cBPA _d-42274 _eBPA _fc.4 _h38106 _i18095 _si |
||
| 949 |
_a636.0894 G6 _bBC _cBPA _d-42275 _eBPA _fc.5 _h38107 _i18095 _si |
||
| 949 |
_a636.0894 G6 _bBC _cBPA _d-42276 _eBPA _fc.6 _h38108 _i18095 _si |
||
| 949 |
_a636.0894 G6 _bBC _cBPA _d33724002202561 _eBPA _fc.3 _h38105 _i18095 _si |
||
| 949 |
_a636.0894 G6 _bBC _cBPA _d33724002202603 _eBPA _fc.2 _h38104 _i18095 _si |
||
| 949 |
_a636.0894 G6 _bBC _cLIBRO _d33724000223921 _eLIBRO _h24425 _i18095 _si |
||
| 999 |
_c13050 _d13050 |
||